| 000 | 00357nam a2200133Ia 4500 | ||
|---|---|---|---|
| 008 | 220216s9999 xx 000 0 und d | ||
| 100 | _aJoseph T | ||
| 245 | 0 | _aPrimary processing of rubberwood in Kerala: Report of a sample survey | |
| 260 |
_bWood News _c1996 |
||
| 300 | _a39-43 | ||
| 650 | _aRubberwood processing | ||
| 700 | _aGeorge K T | ||
| 942 | _cBO | ||
| 999 |
_c48308 _d48308 |
||